Automatické rozpoznávanie poštových známok metódami počítačového videnia

Enregistré dans:
Détails bibliographiques
Auteur principal: Mňačko, Tomáš (Auteur)
Autres auteurs: Benešová, Vanda (Directeur de thèse)
Format: Manuscrit Livre
Langue:slovaque
Publié: 2017
Sujets:
Accès en ligne:http://is.stuba.sk/zp/portal_zp.pl?podrobnosti=106556
Tags: Ajouter un tag
Pas de tags, Soyez le premier à ajouter un tag!

MARC

LEADER 00000ntm a22000003a 4500
001 stuzp64452
003 SK-STU
005 20170701210718.3
007 ta
008 150427s2015----xo-----f-mn---000-0-slo-d
040 |a STU  |b slo 
041 0 |a slo 
100 1 |a Mňačko, Tomáš  |u 070400  |4 aut  |U FIIT Fakulta informatiky a informačných technológií  |T FIIT Ústav počítačového inžinierstva a aplikovanej informatiky  |X 72254  |U I400  |Y 672  |7 72254 
242 0 1 |a Automatic post stamp recognition using computer vision methods  |y eng 
245 1 0 |a Automatické rozpoznávanie poštových známok metódami počítačového videnia 
260 |c 2017 
650 4 |a počítačové videnie  |2 slo 
650 4 |a rozpoznávanie  |2 slo 
650 4 |a poštová známka  |2 slo 
650 4 |a post stamp  |2 eng 
650 4 |a computer vision  |2 eng 
650 4 |a recognition  |2 eng 
700 1 |a Benešová, Vanda  |u 070400  |k Z1  |4 ths  |U FIIT Fakulta informatiky a informačných technológií  |T FIIT Ústav počítačového inžinierstva a aplikovanej informatiky  |X 63121  |U I400  |Y 672  |7 63121 
856 4 |u http://is.stuba.sk/zp/portal_zp.pl?podrobnosti=106556 
996 |b 11293  |c I* BAP74/17  |l II680  |s P  |a 0  |w stuzp64452_0001